LIBRARY & INFORMATION CENTRE, KCAET, TAVANUR

ONLINE PUBLIC ACCESS CATALOGUE (OPAC)

Collected poems and plays of Rabindranath Tagore / (Record no. 972)

MARC details
000 -LEADER
fixed length control field 00482cam a2200181ua 4500
041 ## - LANGUAGE CODE
Language code of text/sound track or separate title eng
082 ## - DEWEY DECIMAL CLASSIFICATION NUMBER
Classification number 812
Item number TAG/CO
100 ## - MAIN ENTRY--AUTHOR NAME
Personal name Rabindranatha, Tagore .
245 ## - TITLE STATEMENT
Title Collected poems and plays of Rabindranath Tagore /
260 ## - PUBLICATION, DISTRIBUTION, ETC. (IMPRINT)
Place of publication London :
Name of publisher MacMillan and Company Limited ,
Year of publication 1962.
300 ## - PHYSICAL DESCRIPTION
Number of Pages 577 ; .
650 ## - SUBJECT ADDED ENTRY--TOPICAL TERM
Topical Term Poetry
942 ## - ADDED ENTRY ELEMENTS (KOHA)
Koha item type Books
Holdings
Withdrawn status Lost status Damaged status Home library Current library Date acquired Full call number Accession Number Koha item type Public note
Withdrawn     KAUAET KAUAET 07/04/2012 812 3337 Books Deleted
Withdrawn     KAUAET Malayalam University 07/04/2012 812 503 Books  
Withdrawn     KAUAET Malayalam University 07/04/2012 812 11535 Books  
free website counter